Building a new regulatory framework (Record no. 109715)
[ view plain ]
| 000 -LEADER | |
|---|---|
| fixed length control field | 01804cad a22002535a 4500 |
| 001 - CONTROL NUMBER | |
| control field | L147759 |
| 008 - FIXED-LENGTH DATA ELEMENTS--GENERAL INFORMATION | |
| fixed length control field | 090615s2009 xxkado f 000 0 eng d |
| 035 ## - SYSTEM CONTROL NUMBER | |
| System control number | (Sirsi) u147759 |
| 041 0# - LANGUAGE CODE | |
| Language code of text/sound track or separate title | eng |
| 050 04 - LIBRARY OF CONGRESS CALL NUMBER | |
| Classification number | 333.33 $2 18 |
| 110 2# - MAIN ENTRY--CORPORATE NAME | |
| Corporate name or jurisdiction name as entry element | Tenant Services Authority |
| 9 (RLIN) | 5662 |
| 245 00 - TITLE STATEMENT | |
| Title | Building a new regulatory framework |
| Remainder of title | a discussion paper |
| Medium | [electronic resource] |
| 260 ## - PUBLICATION, DISTRIBUTION, ETC. | |
| Place of publication, distribution, etc. | London |
| Name of publisher, distributor, etc. | TSA |
| Date of publication, distribution, etc. | 2009 |
| 505 2# - FORMATTED CONTENTS NOTE | |
| Formatted contents note | Foreword -- Introduction -- Key messages from the Notional Conversation -- The TSA's approach to regulation -- Proposed scope of the new standards framework: the service offer to tenants; tenant empowerment and involvement; the tenancy agreement; governance; viability; value for money -- Monitoring landlord performance -- The TSA's approach to dealing with poor performance -- Registration and landlord permissions -- Some key questions in this discussion paper -- Glossary |
| 520 ## - SUMMARY, ETC. | |
| Summary, etc. | Presents and seeks views on standards set out by the Tenant Services Authority as a result of the consultation held in the first phase of National Conversation, a programme of engagement between landlords and tenants in England. Accompanied by an executive summary and the document entitled "National Conversation phase one findings" and its executive summary (see L147758) as well as the "National Conversation leaflet June 2009" (see L147762), all available to download from the website. |
| 520 ## - SUMMARY, ETC. | |
| Summary, etc. | Comments are accepted until 8 September 2009. |
| 521 ## - TARGET AUDIENCE NOTE | |
| Target audience note | Advanced |
| 590 ## - LOCAL NOTE (RLIN) | |
| Local note | KA NTK |
| 650 24 - SUBJECT ADDED ENTRY--TOPICAL TERM | |
| Topical term or geographic name entry element | HOUSING AND REGENERATION ACT 2008 |
| 651 #4 - SUBJECT ADDED ENTRY--GEOGRAPHIC NAME | |
| Geographic name | England |
| Chronological subdivision | 886- |
| 690 ## - LOCAL SUBJECT ADDED ENTRY--TOPICAL TERM (OCLC, RLIN) | |
| Topical term or geographic name as entry element | PROPERTY-RESIDENTIAL PROPERTY |
| 856 40 - ELECTRONIC LOCATION AND ACCESS | |
| Uniform Resource Identifier | <a href="https://www.tenantservicesauthority.org/server/show/ConWebDoc.18499">https://www.tenantservicesauthority.org/server/show/ConWebDoc.18499</a> |
| Public note | View the discussion paper free of charge at www.tenantservicesauthority.org... |
| 942 ## - ADDED ENTRY ELEMENTS (KOHA) | |
| Suppress in OPAC | 0 |
| Withdrawn status | Lost status | Source of classification or shelving scheme | Damaged status | Not for loan | Home library | Current library | Shelving location | Date acquired | Total Checkouts | Full call number | Barcode | Date last seen | Copy number | Price effective from | Koha item type |
|---|---|---|---|---|---|---|---|---|---|---|---|---|---|---|---|
| Dewey Decimal Classification | Virtual | Virtual | Online | 15/06/2009 | ONLINE PUBLICATION | 147759-2001 | 06/08/2019 | 1 | 06/08/2019 | Book |